الجمع الغريب في ترتيب آى مغني اللبيب : دراسة وتحقيق من أول سورة فاطر إلى آخر الكتاب /
Saved in:
| Main Author: | |
|---|---|
| Other Authors: | |
| Format: | Thesis |
| Language: | Arabic |
| Published: |
Makkah :
Jami'at Umm al-Qura,
2008
|
| Subjects: | |
| Tags: |
Add Tag
No Tags, Be the first to tag this record!
|
| LEADER | 016860000a22003130004500 | ||
|---|---|---|---|
| 008 | 130627s2008 su f 000 0 ara d | ||
| 040 | |a UIAM/ |b eng | ||
| 041 | |a ara | ||
| 050 | 0 | 0 | |a BP130.4 |
| 100 | 1 | |a سفياني، أحمد بن مضيف بن سعود | |
| 242 | 1 | 3 | |a al-Jam' al-gharib fi tartib ay mughni al-labib : |b dirasah wa tahqiq min awwal surat Fatir ila akhir al-kitab |
| 245 | 1 | 2 | |a الجمع الغريب في ترتيب آى مغني اللبيب : |b دراسة وتحقيق من أول سورة فاطر إلى آخر الكتاب / |c إعداد الطالب، أحمد بن مضيف بن سعود السفياني |
| 260 | |a Makkah : |b Jami'at Umm al-Qura, |c 2008 | ||
| 300 | |a 512 leaves ; |c 30 cm. | ||
| 500 | |a "رسالة مقدمة لنيل درجة الماجستير في النحو والصرف" --On t.p. | ||
| 500 | |a Abstract in English and Arabic | ||
| 502 | |a Thesis (M.A.)--Jami'at Umm al-Qura, 2008. | ||
| 504 | |a Includes bibliographical references (leaves 493-502). | ||
| 596 | |a 1 | ||
| 600 | 1 | |a Rassa', Muhammad ibn Qasim, |d -1488 or 1489. |t al-Jam' al-gharib fi tartib ay mughni al-labib | |
| 630 | 0 | 0 | |a Qur'an |x Commentaries |
| 630 | 0 | 0 | |a Qur'an |x Criticism, interpretation, etc. |
| 655 | |a Theses, Facsimile edition (Islamic) | ||
| 700 | 1 | |a Al Sofiany, Ahmad bin Modheef | |
| 710 | 2 | |a Jami'at Umm al-Qura. |b Kulliyat al-Lughah al-'Arabiyah | |
| 710 | 2 | |a جامعة أم القرى. |b كلية اللغة العربية | |
| 900 | |a arf-sar | ||
| 999 | |c 435403 |d 464318 | ||
| 952 | |0 0 |6 TI BP 000130.4 R228J3 S681 2008 |7 0 |8 THESES |9 756734 |a IIUM |b IIUM |c MULTIMEDIA |g 535.50 |o ti BP 130.4 R228J3 S681 2008 |p 00011275939 |r 2017-10-23 |t 1 |v 535.50 |y THESIS | ||
